[Event "Bratto op-C 35th"]
[Site "Bratto"]
[Date "2015.08.30"]
[Round "8.4"]
[White "Cipriani, Emilio"]
[Black "Melega, Michele"]
[Result "0-1"]
[WhiteElo "1657"]
[BlackElo "1592"]
[PlyCount "72"]
[EventDate "2015.08.23"]
[EventType "swiss"]
[EventRounds "8"]
[EventCountry "ITA"]
[SourceTitle "EXT 2022"]
[Source "ChessBase"]
[SourceDate "2021.10.06"]
[SourceVersion "1"]
[SourceVersionDate "2021.10.06"]
[SourceQuality "1"]

1. e4 c5 2. c3 Nc6 3. d4 cxd4 4. cxd4 e6 5. Nf3 Bb4+ 6. Bd2 Qb6 7. Bxb4 Nxb4 8. Nc3 Nf6 9. a3 Nc6 10. e5 Nd5 11. Nb5 0-0 12. Qd2 Qa5 13. Qxa5 Nxa5 14. Bd3 Nf4 15. Bf1 a6 16. Nd6 b5 17. g3 Nd5 18. Bg2 Nc4 19. Nxc4 bxc4 20. Nd2 a5 21. Nxc4 Rb8 22. Rb1 Nc3 23. Rc1 Na4 24. Rc2 Ba6 25. Nxa5 Nxb2 26. Kd2 Rb5 27. Nc4 Nxc4+ 28. Rxc4 Rb2+ 29. Rc2 Rb3 30. Rc3 Rb2+ 31. Ke3 Re2+ 32. Kf4 Rxf2+ 33. Bf3 f6 34. Ke3 Rxf3+ 35. Kxf3 Bb7+ 36. Ke3 Bxh1 0-1

[Event "Bratto op-C 35th"]
[Site "Bratto"]
[Date "2015.08.28"]
[Round "6.11"]
[White "Cipriani, Emilio"]
[Black "Hunt, Caro"]
[Result "1-0"]
[WhiteElo "1657"]
[BlackElo "1663"]
[PlyCount "85"]
[EventDate "2015.08.23"]
[EventType "swiss"]
[EventRounds "8"]
[EventCountry "ITA"]
[SourceTitle "EXT 2022"]
[Source "ChessBase"]
[SourceDate "2021.10.06"]
[SourceVersion "1"]
[SourceVersionDate "2021.10.06"]
[SourceQuality "1"]

1. e4 c6 2. d4 d5 3. exd5 cxd5 4. c4 Nf6 5. c5 g6 6. Nf3 Bg7 7. Nc3 0-0 8. b4 Nc6 9. b5 Nb8 10. Bf4 Nh5 11. Be3 Bg4 12. Be2 Re8 13. 0-0 e6 14. Qd2 Nd7 15. Rfc1 Rc8 16. a4 f5 17. h3 Bxf3 18. Bxf3 Nhf6 19. Bg5 Qa5 20. Nxd5 Qxd2 21. Nxf6+ Nxf6 22. Bxd2 Nd5 23. Be3 f4 24. Bxd5 fxe3 25. Bxb7 exf2+ 26. Kf1 Rc7 27. Bc6 Rd8 28. Rd1 Bxd4 29. Ra2 Kf8 30. Rxf2+ Ke7 31. Rfd2 Rf8+ 32. Ke2 Rf2+ 33. Kd3 Rxd2+ 34. Rxd2 e5 35. Kc4 Rc8 36. a5 a6 37. Rxd4 axb5+ 38. Bxb5 exd4 39. Kxd4 Ke6 40. a6 Rc7 41. Be2 Rd7+ 42. Kc4 Ke5 43. Bf3 1-0

[Event "Bratto op-C 35th"]
[Site "Bratto"]
[Date "2015.08.25"]
[Round "3.17"]
[White "Simeone, Giulio Maria"]
[Black "Cipriani, Emilio"]
[Result "1/2-1/2"]
[WhiteElo "1571"]
[BlackElo "1657"]
[PlyCount "32"]
[EventDate "2015.08.23"]
[EventType "swiss"]
[EventRounds "8"]
[EventCountry "ITA"]
[SourceTitle "EXT 2022"]
[Source "ChessBase"]
[SourceDate "2021.10.06"]
[SourceVersion "1"]
[SourceVersionDate "2021.10.06"]
[SourceQuality "1"]

1. Nf3 c5 2. c4 Nc6 3. g3 g6 4. Bg2 Bg7 5. Nc3 Nf6 6. 0-0 0-0 7. e3 d6 8. d4 cxd4 9. Nxd4 Bd7 10. Re1 a6 11. a3 Rc8 12. b3 Qa5 13. Bd2 Qb6 14. Na4 Qd8 15. Rc1 b6 16. Nb2 Rc7 1/2-1/2